000 00743 a2200313 4500
001 116438
020 _a9781482417647
020 _q(library binding)
020 _a1482417642
020 _q(library binding)
020 _q(pbk.)
020 _q(6-pack)
041 _aeng
050 _a598
082 _a598
260 _c2015
490 _aJungle animals
521 _aEarly reader
697 _aToucans
830 _aJungle Animals
856 _u000003/000003ee.jpg
040 _aSINLB
_beng
_cSINLB
_dBR-BrIDEA
_erda
090 _aP Nursery 598
_bRYN
100 _aRyndak, Rob
_eauthor
245 1 0 _aToucans
_cby Rob Ryndak
300 _a24 pages
_bill., color
_c19 x 20 cm
338 _avolume
_bvolume
942 _cBK
999 _c116438
_d116438